000 00972nam a22001577a 4500
003 OSt
005 20170803142221.0
008 170803b xxu||||| |||| 00| 0 eng d
040 _cRUA
082 _aAGR SO 2016 B556 Or.1
100 _911759
_aSO SOPHAK; សូ សុភ័ក្ត្រ
245 _aComparison of botanical and chemical insecticides in the control of field in sects infesting chinese kale (Brassica Oleracea var. alboglabra) in royal university of agriculture; ការប្រៀបធៀបពីថ្នាំពុលធម្មជាតិ និងថ្នាំពូលគីមីក្នុងការគ្រប់គ្រងសត្វល្អិតចង្រៃលើដំណាំខាត់ណាដើមក្នុងលក្ខខណ្ឌសាកលវិទ្យាល័យភូមិន្ទកសិកម្ម្
260 _aPhnom Penh
_bRUA
_c2016
300 _ax; 50p;
_bill;
_c29cm;
942 _2ddc
_cAGR
999 _c11558
_d11558